000 00727nam a2200289Ia 4500
005 20260324140143.0
008 008 260324s9999 xx 000 0 eng d
020 _a9780429434907
037 _aEBOOK
040 _aCRL
040 _beng
040 _cCRL
041 _2eng
041 _aeng
084 _qCRL
100 _aF.W. Carter; W. Maik
_91203330
245 0 _aShock-shift in an Enlarged Europe
245 0 _bGeography of Socio-economic Change in East-central Europe After 1989
260 _bTaylor and Francis
260 _c1999
365 _a
365 _b150
856 _uhttp://www.taylorfrancis.com/books/9780429434907
942 _cEBOOK
999 _c1805086
_d1805086